The Malaysia Quiz Stats

 Plays Quiz Updated Jan 31, 2018

Also try: The India Quiz
Challenge
Share
Tweet
Embed
Score 0/30 Timer 07:00
4 Plays Today
Hint Answer % Correct
Official LanguageBahasa Malaysia
98.3%
Largest Ethnic GroupMalay
98%
Flag ColorRed
97.3%
Flag ColorWhite
96.5%
Flag ColorBlue
96.3%
Flag ColorYellow
93.5%
CapitalKuala Lumpur
90.5%
Official NameMalaysia
88.4%
ContinentAsia
88%
Most Common ReligionIslam
87.9%
Border Country (1,782 km)Indonesia
84.3%
Border Country (506 km)Thailand
82.3%
Nationality (Demonym)Malaysian
79.3%
Independence FromUnited Kingdom
77.7%
Lowest Point (0 m)Indian Ocean
73.6%
Hint Answer % Correct
Border Country (381 km)Brunei
73.3%
Ocean BorderIndian Ocean
73.1%
Tallest Building(s)Petronas Towers
70.1%
Largest ExporterSingapore
67.9%
Largest ImporterChina
67.3%
Largest City (1,588,750)Kuala Lumpur
60.6%
Sea BorderSouth China Sea
53%
National AnimalMalayan Tiger
48.3%
CurrencyRinggit
47.6%
Population in Millions (July 2017 est.)31.4
47%
Prime MinisterMohamed Najib bin Abdul Razak
37.3%
Highest Point (4,100 m)Gunung Kinabalu
31.4%
3rd Largest City (1,113,851)Ipoh
17.7%
Chief Of StateKing Muhammad V
8.3%
Largest Mountain RangeCrocker Range
4.6%

You're not logged in!

Compare scores with friends on all Sporcle quizzes.
Join for Free
OR
Log In

You Might Also Like...

Show Comments

Extras

Top Quizzes Today


Score Distribution

Your Account Isn't Verified!

In order to create a playlist on Sporcle, you need to verify the email address you used during registration. Go to your Sporcle Settings to finish the process.

Report this User

Report this user for behavior that violates our Community Guidelines.

Details: